Полное собрание рассказов 1957-1973; Ставка на мертвого жокея; Любовь на темной улице; " Бог здесь был, но долго не задержался ": пер. с англ.

Библиографические подробности
Главный автор: Шоу И. Ирвин
Язык:русский
Опубликовано: СПб., Кристалл, 2000
Серии:Библиотека мировой литературы
Предметы:
Формат: Книга
Запись в KOHA:https://koha.lib.tpu.ru/cgi-bin/koha/opac-detail.pl?biblionumber=45627

MARC

LEADER 00000nam0a2200000 4500
001 45627
005 20231101210950.0
010 |a 5306000401 
035 |a (RuTPU)RU\TPU\book\47530 
090 |a 45627 
100 |a 20021215d2000 m y0rusy50 ca 
101 1 |a rus 
102 |a RU 
105 |a y z 000ay 
200 1 |a Полное собрание рассказов 1957-1973  |a Ставка на мертвого жокея; Любовь на темной улице; " Бог здесь был, но долго не задержался "  |e пер. с англ.  |f И. Шоу 
210 |a СПб.  |c Кристалл  |d 2000  |a Москва  |c Литература 
215 |a 752 с. 
225 1 |a Библиотека мировой литературы 
610 1 |a рассказы 
610 1 |a психологическая проза 
675 |a 82  |v 3 
700 1 |a Шоу  |b И.  |c американский писатель  |f 1913-1984  |g Ирвин  |2 stltpush  |3 (RuTPU)RU\TPU\pers\11452  |9 2647 
801 2 |a RU  |b 63413507  |c 20180115  |g PSBO 
942 |c BK